Statistics for Non-Original U.S. State Capitals

Click here to take the quiz!

General Stats

  • This quiz has been taken 12 times
  • The average score is 19 of 20

Answer Stats

StatehoodCapital SinceCapital% Correct
18201832Augusta
100%
18121880*Baton Rouge
100%
17881808Concord
100%
18161825Indianapolis
100%
18191846Montgomery
100%
17911805Montpelier
100%
17961826*Nashville
100%
18501854Sacramento
100%
17881797Albany
92%
17881868Atlanta
92%
18031816Columbus
92%
18461857Des Moines
92%
18171821Jackson
92%
18371847Lansing
92%
18181839Springfield
92%
18631885*Charleston
83%
17871812Harrisburg
83%
18211826Jefferson City
83%
19071910Oklahoma City
83%
17891794Raleigh
83%

Score Distribution

Percentile by Number Answered

Percent of People with Each Score

Your Score History

You have not taken this quiz